000 01665nam a22001577a 4500
999 _c525486
_d525486
008 240306b ||||| |||| 00| 0 eng d
100 _aRashid, Afsana
_950257
245 _aRestructuring panchayati raj institutions in Kashmir: Challenges and opportunities
260 _aBihar Journal of Public Administration
300 _a20(2), Jul-Dec, 2023: p.355-364
520 _a Panchayats, the backbone of Indian villages since decades, are expected to play a significant role in social transformation, economic development and local self-governance. Being on the forefront in rural areas, they are expected to act as a medium between policy decisions of the government and the local populace. Consequently, most of the welfare and development schemes and poverty alleviation plans and programmes are executed through these local bodies. To live upto expectations, it is imperative for panchayats to own strong support system in terms of trained human resources, rich socio-economic capital, easy access and availability to technology. In this context, an analysis of a slew of measures undertaken by central and local government to revive and strengthen panchayats in Jammu and Kashmir was undertaken with the purpose to understand the nuances of rural governance that are intertwined with community-driven plans and developments thereby empowering rural population with new configurations of power relations. Both secondary and primary sources of data collection were used. – Reproduced http://www.iipabiharbranch.org/
650 _aPanchayats
_950258
773 _aBihar Journal of Public Administration
906 _aRURAL DEVELOPMENT
942 _cAR